Male Singers by Picture - Statistics

General Stats
  • This quiz has been taken 2,545 times
  • The average score is 14 of 24
Answer Stats
Picture Answer % Correct
Ed Sheeran
96%
Michael Jackson
93%
Elvis Presley
91%
Bruno Mars
90%
Elton John
89%
Justin Timberlake
87%
Bob Marley
77%
Prince
75%
Adam Levine
70%
Frank Sinatra
70%
George Michael
69%
Ozzy Osbourne
60%
David Bowie
57%
Bono
49%
Usher
49%
Chris Brown
46%
Stevie Wonder
45%
Robbie Williams
44%
Billy Joel
35%
Johnny Cash
34%
Enrique Iglesias
30%
Rod Stewart
24%
Bryan Adams
20%
Timbaland
15%
No matching quizzes found
Score Distribution
Percent of People with Each Score
Percentile by Number Answered
Your Score History
You have not taken this quiz